La conquista del desierto /

El territorio dominado por los indios. El malón. Política defensiva de los gobiernos nacionales. Los cautivos. Campañas del desierto: Martín Rodríguez, Rosas. Las levas. La zanja de Alsina. La campaña de Alsina.

Guardado en:
Autor Principal: Arcella, Darío
Formato: Deslizar
Series:Educable
Materias:
Etiquetas: Agregar Etiqueta
Sin Etiquetas, Sea el primero en etiquetar este registro!
LEADER 01121ngm a22003255g 4500
001 CEM.cems022091
008 130507b1994##################0###0#####d
005 20241003212428.0
245 1 0 |a La conquista del desierto /  |c Darío Arcella. 
300 |a 24'. 
490 0 |a Educable 
500 |a En soporte VHS, consultar en ventanilla. 
520 |a El territorio dominado por los indios. El malón. Política defensiva de los gobiernos nacionales. Los cautivos. Campañas del desierto: Martín Rodríguez, Rosas. Las levas. La zanja de Alsina. La campaña de Alsina. 
538 |a Soporte: VHS - Norma: Pal N - Color - Grabación DRD 1994 - Hitachi=3995 
100 1 |a Arcella, Darío 
082 9 8 |. 03/ARC 
653 |a HISTORIA ARGENTINA 
653 |a POLITICA 
653 |a CAMPAÑA DEL DESIERTO 
653 |a INDIOS 
653 |a MALON 
653 |a CAUTIVOS 
653 |a LEVAS 
653 |a ZANJA DE ALSINA 
653 |a ROSAS 
653 |a ALSINA 
653 |a HISTORIA 
653 |a ARGENTINA 
653 |a NIVEL SECUNDARIO 
859 |a CEMS  |b BIB. CEMS - Depto. Recursos Didacticos  |h 982.03  |i ARC  |k DRD  |p 734.12  |t Ej.1